000 00333nam a2200145Ia 4500
005 20251222152646.0
008 251222s9999||||xx |||||||||||||| ||spa||
020 _a978997238183
082 _a869.56/D69
100 _aDíaz Herrera, Jorge
245 0 _aLa Colina de Irupé
250 _a3ra.ed.
264 _bRecreo
942 _cLIB
999 _c28273
_d28273